000 01383nam a2200301 a 4500
001 BRCA_2948
005 20190320204036.0
008 161208s1870----gw-a---###---#000-0#ger-u
041 _agw
044 _ager
084 _a293
_b.K76
_c1870
100 1 _aCervantes Saavedra, Miguel de
_d1547-1616
_9213
245 1 0 _aLeben und Thaten des bewunderungswürdigen Ritters Don Quixote von la Mancha
_cvon Miguel de Cervantes Saavedra.
260 _aStuttgart
_bA. Kröner
_c1870
300 _a240 p.
_bil.
_c20 cm.
500 _aContenido : Prefacio de K. Seifart. Tabla. Texto compendiado de ambas partes
500 _aEdición : Frei für die deutsche Jugend bearbeitet von Karl Seifart. Mit zahlreichen feinen Holzschnitten
500 _aCompendio del Quijote en 42 capítulos, traducido muy libremente por Karl Seifart, para uso de la juventud. Edición muy bien impresa en tipos claros. Semitela; lomera y tapas decoradas con motivos quijotiles en varios colores Lúdovik Osterc
500 _aQM528
546 _aTexto en : alemán
650 1 4 _aNovela española
_yÉpoca clásica, 1500-1700
_9215
650 1 4 _aLiteratura española
_yÉpoca clásica, 1500-1700
_9216
650 1 4 _aNovela española
_ySiglo XVII
_9217
650 1 4 _aDon Quijote (Personaje ficticio)
_eNovela
_9218
740 0 _aEl Ingenioso Hidalgo Don Quijote de la Mancha
902 _aQFM
942 _2lcc
_cB
999 _c2687
_d2687